Dante's Inferno Quiz Stats

 Plays Quiz Updated Feb 11, 2020

Support Sporcle.
Go Orange.
Score 0/26 Timer 10:00
0 Plays Today
Section Sinners % Correct
MiddleJudas Iscariot
61.3%
LeftMarcus Brutus
50.8%
Outer RingTyrants and Murderers
45%
2ndThe Lustful
42.7%
3rdThe Gluttonous
41.6%
1stThe Unbaptized and Virtuous Pagans
40.2%
4thThe Avaricious and Prodigals
36.3%
5thThe Wrathful and The Slothful
34.8%
RightGaius Cassius Longinus
34.6%
7th BolgeThieves
32.4%
Middle RingSuicides and Profligates
31.3%
Inner RingBlasphemers, Sodomites, and Usurers
31%
6thThe Heretics
27.2%
Section Sinners % Correct
4th BolgeSorcerers and False Prophets
22.5%
2nd BolgeFlatterers
18.1%
6th BolgeHypocrites
17.9%
2nd RegionAntenora: Traitors to Country
16.6%
1st BolgePanderers and Seducers
15.7%
3rd BolgeSimonists
15.4%
1st RegionCaina: Traitors to Kin
15.2%
4th RegionJudecca: Traitors to Benefactors
13.9%
10th BolgeFalsifiers
13.7%
5th BolgeBarrators
12.2%
3rd RegionPtolomea: Traitors to Guests
12%
9th BolgeSowers of Discord
10.4%
8th BolgeFraudulent Advisors
7.1%

From the Vault

The Last Word: UK Bands

by Flick

Music 5m
If you guess Jumpin' Jack Pork, this might not be the quiz for you.
Remove Ads.
Support Sporcle.
Get the best of Sporcle when you Go Orange. This ad-free experience offers more features, more stats, and more fun while also helping to support Sporcle. Thank you for becoming a member.

Show Comments

Extras

Top Quizzes Today


Score Distribution

Your Account Isn't Verified!

In order to create a playlist on Sporcle, you need to verify the email address you used during registration. Go to your Sporcle Settings to finish the process.

Report this User

Report this user for behavior that violates our Community Guidelines.

Details: